000 00306nam a22001337a 4500
008 181009b xxu||||| |||| 00| 0 eng d
020 _a093381224
041 _aeng
080 _a159.9
100 _a49
101 _aPSI
245 _aThe Parental Alienation Synderoms
_cGardner.R.A
942 _2udc
_cBK
999 _c49217
_d49217